[Event "Mecklenburg VP LL2 West 2223"]
[Site "Mecklenburg VP"]
[Date "2023.03.19"]
[Round "7.6"]
[White "Silwedel, Bjoern"]
[Black "Piske, Thomas"]
[Result "0-1"]
[WhiteElo "1675"]
[BlackElo "1944"]
[PlyCount "74"]
[EventDate "2022.10.23"]
[EventType "team-tourn"]
[EventRounds "9"]
[EventCountry "GER"]
[SourceTitle "EXT 2024"]
[Source "ChessBase"]
[SourceDate "2023.10.10"]
[SourceVersion "1"]
[SourceVersionDate "2023.10.10"]
[SourceQuality "1"]
[WhiteTeam "Kuehlungsborn SV Empor"]
[BlackTeam "Grevesmuehlen Blau Weiss"]
[WhiteTeamCountry "GER"]
[BlackTeamCountry "GER"]

1. d4 Nf6 2. Nf3 g6 3. c3 Bg7 4. Bg5 0-0 5. Nbd2 d6 6. e3 Nc6 7. Be2 e5 8. Qc2 Re8 9. 0-0-0 exd4 10. cxd4 d5 11. h4 h6 12. Bf4 Bf5 13. Qb3 a5 14. a3 Na7 15. Ne5 Nd7 16. g4 Be6 17. Ndf3 Qc8 18. Qc2 Nxe5 19. Nxe5 Bxe5 20. dxe5 Kg7 21. Rdg1 c5 22. Qd2 Rh8 23. Qxa5 c4 24. Qd2 Nc6 25. Bf3 Ne7 26. e4 Qc6 27. exd5 Nxd5 28. Rd1 c3 29. bxc3 Rxa3 30. Bxd5 Bxd5 31. Qb2 Ra2 32. Qb4 Bxh1 33. e6 Ra1+ 34. Kc2 Be4+ 35. Kb2 Rxd1 36. Be5+ Kh7 37. Bxh8 Rb1+ 0-1

[Event "Mecklenburg VP Verbandsliga 1920"]
[Site "Mecklenburg VP"]
[Date "2019.12.08"]
[Round "4.6"]
[White "Kirstein, Hans Ernst"]
[Black "Piske, Thomas"]
[Result "1/2-1/2"]
[WhiteElo "1886"]
[BlackElo "1944"]
[PlyCount "21"]
[EventDate "2019.09.29"]
[EventType "team-tourn"]
[EventRounds "9"]
[EventCountry "GER"]
[SourceTitle "EXT 2023"]
[Source "ChessBase"]
[SourceDate "2022.10.05"]
[SourceVersion "1"]
[SourceVersionDate "2022.10.05"]
[SourceQuality "1"]
[WhiteTeam "Schwerin SF III"]
[BlackTeam "Grevesmuehlen Blau Weiss"]
[WhiteTeamCountry "GER"]
[BlackTeamCountry "GER"]

1. e4 d6 2. d4 Nf6 3. Nc3 g6 4. Nf3 Bg7 5. h3 0-0 6. Be3 c6 7. Qd2 b5 8. a3 a5 9. d5 Bb7 10. dxc6 Bxc6 11. Bxb5 1/2-1/2

[Event "Mecklenburg VP LL2 West 1819"]
[Site "Mecklenburg VP"]
[Date "2019.02.24"]
[Round "6.5"]
[White "Piske, Thomas"]
[Black "Hertel Mach, Frank"]
[Result "1-0"]
[WhiteElo "1956"]
[BlackElo "1838"]
[PlyCount "89"]
[EventDate "2018.10.21"]
[EventType "team-tourn"]
[EventRounds "9"]
[EventCountry "GER"]
[SourceTitle "EXT 2022"]
[Source "ChessBase"]
[SourceDate "2021.10.06"]
[SourceVersion "1"]
[SourceVersionDate "2021.10.06"]
[SourceQuality "1"]
[WhiteTeam "Grevesmuehlen Blau Weiss"]
[BlackTeam "Waren Malchow"]
[WhiteTeamCountry "GER"]
[BlackTeamCountry "GER"]

1. e4 c5 2. Nf3 Nc6 3. d4 cxd4 4. Nxd4 d6 5. Nc3 Nf6 6. f3 Qb6 7. Bb5 Bd7 8. Nxc6 bxc6 9. Bc4 e6 10. Qd3 d5 11. Bb3 dxe4 12. Nxe4 Nd5 13. Bd2 f5 14. Nc3 Be7 15. 0-0-0 0-0 16. Rhe1 Bf6 17. Na4 Qd4 18. Qxd4 Bxd4 19. c4 Nf6 20. Bb4 c5 21. Bxc5 Bxa4 22. Bxf8 Bxb3 23. Rxd4 Bxa2 24. Be7 Kf7 25. Bxf6 Kxf6 26. f4 Rc8 27. Re3 Rxc4+ 28. Rxc4 Bxc4 29. Rc3 Bb5 30. Rc7 a6 31. Kd2 h6 32. h4 g5 33. hxg5+ hxg5 34. g3 gxf4 35. gxf4 Bf1 36. Ke3 Bb5 37. Kd4 Be2 38. Rh7 Bf3 39. Rh6+ Kf7 40. Ke5 Bd5 41. Rh7+ Ke8 42. Ra7 Bc4 43. b4 Kd8 44. Kd6 Kc8 45. Rc7+ 1-0

[Event "Mecklenburg VP LL2 West 1617"]
[Site "Mecklenburg VP"]
[Date "2016.10.16"]
[Round "1.2"]
[White "Buss, Stephan"]
[Black "Piske, Thomas"]
[Result "1/2-1/2"]
[WhiteElo "1955"]
[BlackElo "1950"]
[PlyCount "113"]
[EventDate "2016.10.16"]
[EventType "team-tourn"]
[EventRounds "9"]
[EventCountry "GER"]
[SourceTitle "EXT 2022"]
[Source "ChessBase"]
[SourceDate "2021.10.06"]
[SourceVersion "1"]
[SourceVersionDate "2021.10.06"]
[SourceQuality "1"]
[WhiteTeam "Kuehlungsborn SV Empor"]
[BlackTeam "Wismar ASV Gruen-Weiss II"]
[WhiteTeamCountry "GER"]
[BlackTeamCountry "GER"]

1. e4 d6 2. d4 Nf6 3. f3 g6 4. b3 Bg7 5. Bb2 0-0 6. g4 c5 7. Ne2 cxd4 8. Nxd4 Qa5+ 9. Qd2 Qxd2+ 10. Nxd2 Nc6 11. Nxc6 bxc6 12. 0-0-0 d5 13. e5 Nd7 14. f4 g5 15. Bd3 gxf4 16. Rde1 e6 17. Rhf1 Rd8 18. Rxf4 Nf8 19. g5 Ng6 20. Rg4 a5 21. h4 Ba6 22. Bxa6 Rxa6 23. h5 Ne7 24. Nf3 Nf5 25. g6 fxg6 26. hxg6 h6 27. Ba3 Rc8 28. Bc5 Rb8 29. a4 Bf8 30. Bf2 c5 31. Nh4 Nxh4 32. Bxh4 Rb4 33. Rxb4 cxb4 34. Bf6 Bg7 35. Kd2 Rc6 36. Re3 Rc7 37. c3 bxc3+ 38. Rxc3 Rxc3 39. Kxc3 h5 40. b4 axb4+ 41. Kxb4 h4 42. a5 h3 43. a6 h2 44. a7 h1Q 45. a8Q+ Bf8+ 46. Kb5 Qb1+ 47. Kc6 Qxg6 48. Be7 Qf7 49. Bf6 Kh7 50. Qd8 Bg7 51. Bxg7 Kxg7 52. Qh4 Kf8 53. Kd6 Kg7 54. Qg4+ Qg6 55. Qf4 Qf7 56. Qh4 Qg6 57. Qf2 1/2-1/2

[Event "Hessen-ch Seniors op 12th"]
[Site "Bad Sooden-Allendorf"]
[Date "2016.05.04"]
[Round "5"]
[White "Selig, Rainer"]
[Black "Piske, Thomas"]
[Result "1-0"]
[WhiteElo "2117"]
[BlackElo "1927"]
[PlyCount "72"]
[EventDate "2016.04.30"]
[EventType "swiss"]
[EventRounds "9"]
[EventCountry "GER"]
[SourceTitle "EXT 2019"]
[Source "ChessBase"]
[SourceDate "2018.10.10"]
[SourceVersion "1"]
[SourceVersionDate "2018.10.10"]
[SourceQuality "1"]

1. d4 Nf6 2. c4 g6 3. Nc3 Bg7 4. e4 d6 5. Be2 0-0 6. Be3 e5 7. Nf3 Nc6 8. 0-0 Bg4 9. dxe5 Bxf3 10. Bxf3 dxe5 11. g3 Nd4 12. Bg2 c6 13. f4 Ne8 14. f5 Qc7 15. Rf2 Rd8 16. Qg4 gxf5 17. exf5 f6 18. Rd1 c5 19. Nd5 Qd7 20. h4 Kh8 21. Qh3 Nd6 22. Bxd4 exd4 23. b3 b6 24. g4 Rde8 25. Qd3 Re5 26. Nf4 Re3 27. Qf1 Ne4 28. Rf3 Rxf3 29. Qxf3 Nc3 30. Re1 Re8 31. Re6 Kg8 32. g5 Rxe6 33. fxe6 Qe7 34. gxf6 Bxf6 35. h5 Qd6 36. h6 Kf8 1-0

[Event "Mecklenburg VP LL2 West 1415"]
[Site "Mecklenburg VP"]
[Date "2015.04.12"]
[Round "8.2"]
[White "Piske, Thomas"]
[Black "Fleischer, Matthias"]
[Result "1-0"]
[WhiteElo "1777"]
[BlackElo "1719"]
[PlyCount "81"]
[EventDate "2014.09.21"]
[EventType "team-tourn"]
[EventRounds "9"]
[EventCountry "GER"]
[SourceTitle "EXT 2022"]
[Source "ChessBase"]
[SourceDate "2021.10.06"]
[SourceVersion "1"]
[SourceVersionDate "2021.10.06"]
[SourceQuality "1"]
[WhiteTeam "Wismar ASV Gruen-Weiss II"]
[BlackTeam "Schwerin SV Einheit"]
[WhiteTeamCountry "GER"]
[BlackTeamCountry "GER"]

1. e4 d6 2. d4 Nf6 3. Nc3 g6 4. f3 Bg7 5. Be3 0-0 6. Qd2 c6 7. 0-0-0 a5 8. g4 b5 9. g5 b4 10. Na4 Ne8 11. h4 Bd7 12. h5 c5 13. Qh2 e6 14. b3 Bxa4 15. bxa4 Qe7 16. dxc5 dxc5 17. hxg6 fxg6 18. Qxh7+ Kf7 19. Qh2 Nc6 20. Ne2 Rh8 21. Qf4+ Kg8 22. Rxh8+ Bxh8 23. Bh3 Rd8 24. Bxc5 Rxd1+ 25. Kxd1 Qd7+ 26. Kc1 Bg7 27. Qd2 Qf7 28. Nf4 Nd8 29. Be3 Qc7 30. Nxe6 Nxe6 31. Bxe6+ Kf8 32. Qd5 Be5 33. Bc5+ Bd6 34. Bxd6+ Qxd6 35. Qxd6+ Nxd6 36. Bb3 Nb7 37. Kd2 Ke7 38. Kd3 Kd6 39. Kd4 Nd8 40. Bd5 Ne6+ 41. Bxe6 1-0

[Event "Mecklenburg VP LL2 West 1314"]
[Site "Mecklenburg VP"]
[Date "2014.01.19"]
[Round "5.2"]
[White "Prenzlow, Michael"]
[Black "Piske, Thomas"]
[Result "1-0"]
[WhiteElo "1788"]
[BlackElo "1791"]
[PlyCount "85"]
[EventDate "2013.10.27"]
[EventType "team-tourn"]
[EventRounds "9"]
[EventCountry "GER"]
[SourceTitle "EXT 2022"]
[Source "ChessBase"]
[SourceDate "2021.10.06"]
[SourceVersion "1"]
[SourceVersionDate "2021.10.06"]
[SourceQuality "1"]
[WhiteTeam "Putlitzer SV 1921"]
[BlackTeam "Wismar ASV Gruen-Weiss II"]
[WhiteTeamCountry "GER"]
[BlackTeamCountry "GER"]

1. e4 d6 2. d4 Nf6 3. Nc3 g6 4. Bg5 Bg7 5. e5 Nfd7 6. f4 0-0 7. Nf3 f6 8. Bc4+ Kh8 9. exf6 exf6 10. Bh4 Re8+ 11. Be2 Nb6 12. 0-0 Qe7 13. Qd2 Be6 14. Rae1 Qf7 15. b3 Nc6 16. Bf2 d5 17. Be3 Bg4 18. h3 Bxf3 19. Bxf3 f5 20. Nd1 Ne7 21. Nb2 c6 22. Nd3 Ng8 23. Ne5 Qc7 24. g4 Nf6 25. Qf2 Ne4 26. Bxe4 dxe4 27. Qh4 Re6 28. c4 Rf8 29. Re2 Nd7 30. Bc1 Nxe5 31. fxe5 Qd8 32. Qxd8 Rxd8 33. gxf5 gxf5 34. Be3 Rf8 35. Ref2 Bh6 36. Bxh6 Rxh6 37. Rxf5 Rxf5 38. Rxf5 Rxh3 39. e6 Rg3+ 40. Kf2 Rg7 41. Rf8+ Rg8 42. e7 Kg7 43. Rxg8+ 1-0

[Event "Mecklenburg VP LL2 West 1314"]
[Site "Mecklenburg VP"]
[Date "2013.11.24"]
[Round "3.2"]
[White "Jung, Werner"]
[Black "Piske, Thomas"]
[Result "1/2-1/2"]
[WhiteElo "1868"]
[BlackElo "1791"]
[PlyCount "48"]
[EventDate "2013.10.27"]
[EventType "team-tourn"]
[EventRounds "9"]
[EventCountry "GER"]
[SourceTitle "EXT 2022"]
[Source "ChessBase"]
[SourceDate "2021.10.06"]
[SourceVersion "1"]
[SourceVersionDate "2021.10.06"]
[SourceQuality "1"]
[WhiteTeam "Schwerin SF IV"]
[BlackTeam "Wismar ASV Gruen-Weiss II"]
[WhiteTeamCountry "GER"]
[BlackTeamCountry "GER"]

1. e4 d6 2. d4 Nf6 3. Nc3 g6 4. f3 Bg7 5. Be3 0-0 6. Qd2 c6 7. 0-0-0 b5 8. h4 h5 9. Nh3 b4 10. Na4 a5 11. Bh6 Nbd7 12. Bxg7 Kxg7 13. Be2 Nb6 14. Nxb6 Qxb6 15. Ng5 c5 16. e5 dxe5 17. dxe5 Nh7 18. Bc4 Nxg5 19. Qxg5 Be6 20. Bxe6 Qxe6 21. Kb1 Rad8 22. g4 hxg4 23. fxg4 Rd5 24. Rde1 Rd4 1/2-1/2

[Event "Mecklenburg VP LL2 West 1314"]
[Site "Mecklenburg VP"]
[Date "2013.11.10"]
[Round "2.3"]
[White "Fechner, Frank"]
[Black "Piske, Thomas"]
[Result "1/2-1/2"]
[WhiteElo "1760"]
[BlackElo "1791"]
[PlyCount "37"]
[EventDate "2013.10.27"]
[EventType "team-tourn"]
[EventRounds "9"]
[EventCountry "GER"]
[SourceTitle "EXT 2022"]
[Source "ChessBase"]
[SourceDate "2021.10.06"]
[SourceVersion "1"]
[SourceVersionDate "2021.10.06"]
[SourceQuality "1"]
[WhiteTeam "Ludwigslust Post SV II"]
[BlackTeam "Wismar ASV Gruen-Weiss II"]
[WhiteTeamCountry "GER"]
[BlackTeamCountry "GER"]

1. c4 Nf6 2. g3 g6 3. Bg2 Bg7 4. Nc3 0-0 5. e4 d6 6. Nge2 e5 7. d3 Nc6 8. 0-0 Ne8 9. f4 f5 10. Be3 Nf6 11. h3 Be6 12. Kh2 Qd7 13. exf5 Bxf5 14. d4 exf4 15. Nxf4 Rae8 16. Qd2 Ne4 17. Nxe4 Bxe4 18. Nd5 Bxg2 19. Kxg2 1/2-1/2

[Event "Mecklenburg VP VL 1213"]
[Site "Mecklenburg VP"]
[Date "2012.10.14"]
[Round "1.8"]
[White "Piske, Thomas"]
[Black "Herholz, Holger"]
[Result "1/2-1/2"]
[WhiteElo "1776"]
[BlackElo "1860"]
[PlyCount "82"]
[EventDate "2012.10.14"]
[EventType "team-tourn"]
[EventRounds "9"]
[EventCountry "GER"]
[SourceTitle "EXT 2022"]
[Source "ChessBase"]
[SourceDate "2021.10.06"]
[SourceVersion "1"]
[SourceVersionDate "2021.10.06"]
[SourceQuality "1"]
[WhiteTeam "Wismar ASV Gruen-Weiss"]
[BlackTeam "Warnemuende SF Ostsee"]
[WhiteTeamCountry "GER"]
[BlackTeamCountry "GER"]

1. e4 c5 2. Nf3 Nc6 3. d4 cxd4 4. Nxd4 d6 5. Nc3 g6 6. Be3 Bg7 7. Qd2 Nf6 8. f3 0-0 9. 0-0-0 Bd7 10. g4 a6 11. h4 h5 12. gxh5 Nxh5 13. Nd5 Rc8 14. Ne2 Ne5 15. Bb6 Qe8 16. Nd4 Nc4 17. Bxc4 Rxc4 18. Qe2 Rc8 19. Qf2 e5 20. Ne2 f5 21. Qg2 Bb5 22. Nec3 Qf7 23. Rhg1 Be8 24. Qg5 Kh7 25. Qe7 Rc6 26. Ba5 Bf6 27. Nxf6+ Nxf6 28. Qxf7+ Rxf7 29. Bd8 Nh5 30. Nd5 Rd7 31. Bg5 Bf7 32. exf5 gxf5 33. Ne7 Rc5 34. Nxf5 Bxa2 35. Rxd6 Rxd6 36. Nxd6 Bd5 37. Rf1 Ng3 38. Rf2 Nh1 39. Rf1 Ng3 40. Rf2 Nh1 41. Rf1 Ng3 1/2-1/2

[Event "Mecklenburg VP VL 1112"]
[Site "Mecklenburg VP"]
[Date "2012.01.15"]
[Round "5.8"]
[White "Piske, Thomas"]
[Black "Schmekel, Florian"]
[Result "1/2-1/2"]
[WhiteElo "1836"]
[BlackElo "1646"]
[PlyCount "35"]
[EventDate "2011.10.02"]
[EventType "team-tourn"]
[EventRounds "9"]
[EventCountry "GER"]
[SourceTitle "EXT 2022"]
[Source "ChessBase"]
[SourceDate "2021.10.06"]
[SourceVersion "1"]
[SourceVersionDate "2021.10.06"]
[SourceQuality "1"]
[WhiteTeam "Wismar ASV Gruen-Weiss"]
[BlackTeam "Torgelow Droegeheide"]
[WhiteTeamCountry "GER"]
[BlackTeamCountry "GER"]

1. e4 c5 2. Nf3 Nc6 3. d4 cxd4 4. Nxd4 g6 5. Nc3 Bg7 6. Be3 Nf6 7. f3 0-0 8. Qd2 d5 9. exd5 Nxd5 10. Nxd5 Qxd5 11. Nxc6 Qxc6 12. 0-0-0 Bf5 13. Bd3 Rfc8 14. Qe2 Bxd3 15. Rxd3 Qe6 16. Kb1 Qe5 17. c3 Bh6 18. Rhd1 1/2-1/2

[Event "Mecklenburg VP LL2 West 1112"]
[Site "Mecklenburg VP"]
[Date "2011.10.23"]
[Round "2.3"]
[White "Philipp, Daniel"]
[Black "Piske, Thomas"]
[Result "1/2-1/2"]
[WhiteElo "1528"]
[BlackElo "1836"]
[PlyCount "93"]
[EventDate "2011.10.02"]
[EventType "team-tourn"]
[EventRounds "9"]
[EventCountry "GER"]
[SourceTitle "EXT 2022"]
[Source "ChessBase"]
[SourceDate "2021.10.06"]
[SourceVersion "1"]
[SourceVersionDate "2021.10.06"]
[SourceQuality "1"]
[WhiteTeam "Putlitzer SV 1921"]
[BlackTeam "Wismar ASV Gruen-Weiss II"]
[WhiteTeamCountry "GER"]
[BlackTeamCountry "GER"]

1. e4 d6 2. d4 Nf6 3. Nc3 g6 4. Bc4 Bg7 5. Nge2 0-0 6. 0-0 Nxe4 7. Nxe4 d5 8. Bxd5 Qxd5 9. N4c3 Qa5 10. Bf4 c6 11. Qd2 Rd8 12. Qe3 e6 13. Ne4 Nd7 14. Bg5 f6 15. Bh6 Nf8 16. c3 Qd5 17. Bxg7 Kxg7 18. Nf4 Qd7 19. Nc5 Qe7 20. Rfe1 Re8 21. Re2 b6 22. Ne4 Qd7 23. Qg3 Kf7 24. Rae1 Ba6 25. Re3 e5 26. dxe5 Rxe5 27. Nh3 Rd8 28. Neg5+ Rxg5 29. Nxg5+ fxg5 30. Qxg5 Ne6 31. Qe5 Bc8 32. h3 Qd5 33. Rf3+ Kg8 34. Qf6 Rf8 35. Qe7 Rxf3 36. gxf3 Qd7 37. Qxd7 Bxd7 38. Kg2 Kf7 39. Kg3 Ng7 40. Rd1 Nf5+ 41. Kg4 Ke6 42. Kg5 Be8 43. Re1+ Kf7 44. Kf4 Bd7 45. Rd1 Ke7 46. Kg5 Be6 47. b3 1/2-1/2

[Event "Mecklenburg VP LL 0910"]
[Site "Mecklenburg VP"]
[Date "2010.03.21"]
[Round "8.5"]
[White "Piske, Thomas"]
[Black "Baier, Karsten"]
[Result "0-1"]
[WhiteElo "1846"]
[BlackElo "1931"]
[PlyCount "48"]
[EventDate "2009.10.18"]
[EventType "team-tourn"]
[EventRounds "9"]
[EventCountry "GER"]
[SourceTitle "EXT 2016"]
[Source "ChessBase"]
[SourceDate "2015.10.08"]
[SourceVersion "1"]
[SourceVersionDate "2015.10.08"]
[SourceQuality "1"]
[WhiteTeam "Wismar ASV Gruen-Weiss"]
[BlackTeam "Neubrandenburg SG Eintracht"]
[WhiteTeamCountry "GER"]
[BlackTeamCountry "GER"]

1. e4 c6 2. d4 d5 3. exd5 cxd5 4. c4 Nf6 5. Nc3 e6 6. c5 Nc6 7. Nf3 Be7 8. Bb5 0-0 9. Bxc6 bxc6 10. 0-0 Ba6 11. Re1 Qc7 12. Ne5 Nd7 13. b4 Nxe5 14. Rxe5 Bf6 15. Re1 e5 16. Be3 Bc4 17. a4 a6 18. Qd2 Rfe8 19. Rab1 Qd7 20. dxe5 Bxe5 21. Bd4 f6 22. Bxe5 Rxe5 23. Rxe5 fxe5 24. Ne4 Qf5 0-1